[Event "XVI Carlos Torre Mem"]
[Site "Merida MEX"]
[Date "2003.12.16"]
[Round "5"]
[White "Norgaard,J"]
[Black "Russek,G"]
[Result "1/2-1/2"]
[WhiteElo "2406"]
[BlackElo "2365"]
[EventDate "2003.12.12"]

1. e4 e6 2. d4 d5 3. Nd2 a6 4. Ngf3 c5 5. exd5 exd5 6. dxc5 Bxc5 7. Nb3 Bd6
8. Bg5 Ne7 9. Bd3 Nbc6 10. O-O O-O 11. Bh4 h6 12. Bg3 Bxg3 13. hxg3 Bg4 14.
c3 Qb6 15. Re1 Rad8 16. Bc2 Bxf3 17. Qxf3 Rd7 18. Rad1 Rfd8 19. Re2 g6 20.
Qf4 Kg7 21. Qe3 1/2-1/2

[Event "XVI Carlos Torre Mem"]
[Site "Merida MEX"]
[Date "2003.12.16"]
[Round "5"]
[White "Ocampo,R ARG"]
[Black "Predescu,S CAN"]
[Result "1/2-1/2"]
[WhiteElo "2315"]
[BlackElo "2196"]
[EventDate "2003.12.12"]

1. e4 c5 2. c3 Nf6 3. e5 Nd5 4. Nf3 Nc6 5. Bc4 e6 6. Bxd5 exd5 7. Qb3 c4 8.
Qb5 Qa5 9. Qxa5 Nxa5 10. d4 d6 11. Be3 Bf5 12. O-O Be7 13. Nbd2 Kd7 14.
Rfe1 Nc6 15. Bg5 Rhe8 16. Bxe7 Rxe7 17. exd6 Kxd6 18. Rxe7 1/2-1/2

[Event "XVI Carlos Torre Mem"]
[Site "Merida MEX"]
[Date "2003.12.16"]
[Round "5"]
[White "Estrada Nieto,J"]
[Black "Hernandez,Ya"]
[Result "1/2-1/2"]
[WhiteElo "2290"]
[BlackElo "2250"]
[EventDate "2003.12.12"]

1. e4 c5 2. Nf3 Nc6 3. Bb5 g6 4. Bxc6 dxc6 5. d3 Bg7 6. h3 Nf6 7. Nc3 O-O
8. Be3 b6 9. Qd2 e5 10. Bh6 Qd6 11. O-O-O a5 12. Nh2 Re8 13. Bxg7 Kxg7 14.
Ng4 a4 15. Qh6+ Kh8 16. f4 Ng8 17. Qh4 a3 18. Nxe5 axb2+ 19. Kd2 Rxe5 20.
fxe5 Qxe5 21. Rb1 1/2-1/2

[Event "XVI Carlos Torre Mem"]
[Site "Merida MEX"]
[Date "2003.12.16"]
[Round "5"]
[White "Navarro,R"]
[Black "Ancheyta,T"]
[Result "1-0"]
[WhiteElo "2258"]
[BlackElo "2290"]
[EventDate "2003.12.12"]

1. e4 e6 2. d4 d5 3. Nc3 Bb4 4. e5 c5 5. a3 Bxc3+ 6. bxc3 Ne7 7. Qg4 O-O 8.
Nf3 Nbc6 9. Bd3 f5 10. exf6 Rxf6 11. Bg5 e5 12. Qh4 e4 13. Bxf6 gxf6 14.
Qxf6 exd3 15. cxd3 Bf5 16. Qg5+ Bg6 17. dxc5 Qa5 18. O-O Qxc5 19. c4 Rf8
20. Nh4 Qd4 21. Nxg6 hxg6 22. cxd5 Rxf2 23. Rxf2 Qxa1+ 24. Rf1 Qd4+ 25. Kh1
Qxd5 26. Qf6 Kh7 27. Rf3 Nf5 28. Rh3+ Nh6 29. Qf4 g5 30. Qf6 1-0

[Event "XVI Carlos Torre Mem"]
[Site "Merida MEX"]
[Date "2003.12.16"]
[Round "5"]
[White "Ibarra Chami,L"]
[Black "Rendon,J"]
[Result "1-0"]
[WhiteElo "2091"]
[BlackElo "2225"]
[EventDate "2003.12.12"]

1. e4 c6 2. d4 d5 3. exd5 cxd5 4. Bd3 Nf6 5. c3 Nc6 6. Nf3 Bg4 7. Nbd2 e6
8. Nf1 Be7 9. Ng3 O-O 10. h3 Bxf3 11. Qxf3 e5 12. Nf5 e4 13. Qg3 Nh5 14.
Qg4 exd3 15. Qxh5 Bf6 16. O-O g6 17. Nh6+ Kh8 18. Qf3 Qe7 19. Qxd3 Bg7 20.
Ng4 f5 21. Nh2 Rae8 22. Qb5 Qd7 23. Bf4 a6 24. Qd3 Re4 25. Bd2 b5 26. Rae1
Qb7 27. f3 Ree8 28. Rxe8 Rxe8 29. Re1 Rxe1+ 30. Bxe1 b4 31. Nf1 b3 32. axb3
Na5 33. b4 Nc4 34. Ne3 Nxb2 35. Qe2 Qe7 36. Kf2 Bxd4 37. cxd4 Qh4+ 38. Kf1
Qxd4 1-0

[Event "XVI Carlos Torre Mem"]
[Site "Merida MEX"]
[Date "2003.12.15"]
[Round "4"]
[White "Gonzalez Zamora,J"]
[Black "Ramirez,Al"]
[Result "1-0"]
[WhiteElo "2473"]
[BlackElo "2483"]
[EventDate "2003.12.12"]

1. Nf3 d5 2. d4 Nf6 3. c4 c6 4. Nc3 a6 5. a4 e6 6. Bg5 Nbd7 7. e3 Bb4 8.
cxd5 exd5 9. Bd3 Qa5 10. Qc2 O-O 11. O-O Re8 12. Bh4 Be7 13. Rae1 Nf8 14.
Ne5 N8d7 15. Bg3 Bb4 16. f4 c5 17. f5 Nf8 18. Bh4 c4 19. Bxf6 gxf6 20. Nxd5
fxe5 21. Qxc4 Bxe1 22. Nf6+ Kg7 23. Nxe8+ Kg8 24. Nd6 Be6 25. fxe6 fxe6 26.
dxe5 1-0

[Event "XVI Carlos Torre Mem"]
[Site "Merida MEX"]
[Date "2003.12.16"]
[Round "5"]
[White "Dominguez Aguilar,G"]
[Black "Alayola,J"]
[Result "1-0"]
[WhiteElo "2289"]
[BlackElo "2184"]
[EventDate "2003.12.12"]

1. e4 d5 2. exd5 Qxd5 3. Nc3 Qa5 4. Bc4 Nf6 5. Nf3 Bg4 6. Qe2 e6 7. d4 c6
8. Bd2 Nbd7 9. h3 Qh5 10. O-O-O Bxf3 11. gxf3 O-O-O 12. Bb3 Nb6 13. Rhg1 h6
14. Bf4 Qxh3 15. Ne4 Nfd5 16. Be5 f6 17. Bg3 Qh5 18. c4 Nc7 19. c5 Nbd5 20.
Nd6+ Kb8 21. Kb1 Ka8 22. Ka1 Bxd6 23. Bxd6 Qf7 24. Qc4 Rhe8 25. Qa4 Nb5 26.
Bg3 Qe7 27. Qa5 Rd7 28. a4 Nbc7 29. Rge1 Qd8 30. Bc4 Qc8 31. Bxc7 Rxc7 32.
b4 Qd7 33. Rb1 a6 34. Bf1 Kb8 35. b5 cxb5 36. axb5 Kc8 37. bxa6 bxa6 38.
Bxa6+ 1-0

[Event "XVI Carlos Torre Mem"]
[Site "Merida MEX"]
[Date "2003.12.16"]
[Round "5"]
[White "Baltazar,R"]
[Black "Castillo Delgado,M"]
[Result "1-0"]
[WhiteElo "2224"]
[BlackElo "1952"]
[EventDate "2003.12.12"]

1. d4 d5 2. Nf3 Nf6 3. e3 e6 4. Bd3 c5 5. c3 Nc6 6. Nbd2 Qc7 7. O-O Bd6 8.
dxc5 Bxc5 9. e4 Bd7 10. Qe2 O-O-O 11. b4 Bd6 12. Bb2 Ne5 13. Nxe5 Bxe5 14.
Nf3 dxe4 15. Bxe4 Nxe4 16. Qxe4 Bf6 17. Qe3 Kb8 18. a4 Bc6 19. Nd4 Qe5 20.
Nxc6+ bxc6 21. Qf3 Qd5 22. Qf4+ Qe5 23. Qc4 Rd5 24. Qa6 Rd6 25. Rfe1 Qh5
26. g3 Rhd8 27. Rab1 Qf3 28. b5 c5 29. Qa5 Rd2 30. Rf1 R8d6 31. b6 Rxb6 32.
Bc1 Rxb1 33. Bxd2 Qd3 34. Rxb1+ Qxb1+ 35. Kg2 Qb6 36. c4 Qxa5 37. Bxa5 Kb7
38. Kf3 Ka6 39. Bd2 Bb2 40. Ke4 Bf6 41. f4 Bd8 42. Bc3 f6 43. f5 exf5+ 44.
Kd5 Bc7 45. Kxc5 f4 46. gxf4 Bxf4 47. h3 Kb7 48. Kd5 Kc7 49. c5 Be3 50. c6
Kb6 51. Kd6 Bf4+ 52. Kd7 a6 53. Bb4 f5 54. Bd6 g5 55. Bxf4 gxf4 56. c7 f3
57. c8=Q f2 58. Qc6+ Ka5 59. Qc5+ Kxa4 60. Qxf2 1-0

[Event "XVI Carlos Torre Mem"]
[Site "Merida MEX"]
[Date "2003.12.16"]
[Round "5"]
[White "Villegas Corona,R"]
[Black "Lopez,Man MEX"]
[Result "1-0"]
[WhiteElo "2282"]
[BlackElo "2086"]
[EventDate "2003.12.12"]

1. e4 d5 2. exd5 Nf6 3. d4 Nxd5 4. c4 Nb6 5. Nf3 g6 6. h4 h5 7. c5 Nd5 8.
Bc4 c6 9. Nc3 Bg7 10. Qb3 e6 11. Ne4 O-O 12. Bg5 f6 13. Bd2 b5 14. Bd3 f5
15. Nd6 Nd7 16. a4 b4 17. O-O-O a5 18. Rde1 Bxd4 19. Nxc8 Nxc5 20. Qc4 Bxf2
21. Re2 Nc3 22. Ne7+ Kg7 23. Bxc3+ bxc3 24. Qxc3+ Rf6 25. Bc2 Ne4 26. Bxe4
fxe4 27. Rxf2 exf3 28. Nxc6 1-0

[Event "XVI Carlos Torre Mem"]
[Site "Merida MEX"]
[Date "2003.12.16"]
[Round "5"]
[White "Muci Kuechler,H"]
[Black "Martin del Campo,J"]
[Result "0-1"]
[WhiteElo "2042"]
[BlackElo "2223"]
[EventDate "2003.12.12"]

1. e4 c5 2. Nc3 Nc6 3. g3 g6 4. Bg2 Bg7 5. d3 d6 6. Be3 Rb8 7. Qd2 b5 8.
Rb1 b4 9. Na4 Qa5 10. b3 Bd7 11. Ne2 Ne5 12. O-O Bxa4 13. bxa4 Qxa4 14. h3
Qd7 15. f4 Nc6 16. d4 cxd4 17. Nxd4 Nxd4 18. Bxd4 Nf6 19. Rxb4 Rxb4 20.
Qxb4 O-O 21. Rb1 Rc8 22. c4 Qc7 23. Rc1 Nd7 24. Bxg7 Kxg7 25. e5 dxe5 26.
Qxe7 exf4 27. gxf4 Qxf4 28. Rf1 Qd4+ 29. Kh1 Nf6 30. c5 Re8 31. Qc7 Re2 32.
Qxa7 Rc2 33. Qe7 Rxa2 34. c6 Qb2 35. Rg1 Nh5 36. Qd6 Qf2 37. Qe5+ Kh6 38.
Bd5 Ra3 39. Qg5+ Kg7 40. Qg2 Qxg2+ 41. Bxg2 Rc3 42. Kh2 Nf4 0-1

[Event "XVI Carlos Torre Mem"]
[Site "Merida MEX"]
[Date "2003.12.16"]
[Round "5"]
[White "Leon Hoyos,M"]
[Black "Martin del Campo,R"]
[Result "0-1"]
[WhiteElo "2303"]
[BlackElo "2407"]
[EventDate "2003.12.12"]

1. e4 c5 2. Nf3 Nc6 3. d4 cxd4 4. Nxd4 Qb6 5. Nb3 Nf6 6. Bd3 e6 7. Nc3 a6
8. Qe2 d6 9. f4 Be7 10. Be3 Qc7 11. O-O-O b5 12. g4 Bb7 13. g5 Nd7 14. Qf2
Rc8 15. Kb1 Nb4 16. Bd4 e5 17. Be3 exf4 18. Bxf4 Ne5 19. Bxe5 dxe5 20. Bf1
Rd8 21. Rxd8+ Qxd8 22. Bh3 O-O 23. Rd1 Qa8 24. a3 Nc6 25. Qg3 a5 26. Nd5 a4
27. Nd2 0-1

[Event "XVI Carlos Torre Mem"]
[Site "Merida MEX"]
[Date "2003.12.16"]
[Round "5"]
[White "Watanabe,A"]
[Black "Berry,J"]
[Result "1/2-1/2"]
[WhiteElo "2358"]
[BlackElo "2269"]
[EventDate "2003.12.12"]

1. d4 d6 2. Nf3 g6 3. e4 Bg7 4. Bd3 Nc6 5. c3 e5 6. O-O Nf6 7. h3 O-O 8.
Re1 Nh5 9. Be3 d5 10. Bg5 f6 11. exd5 Qxd5 12. Nbd2 Kh8 13. Be3 exd4 14.
Bc4 Qd6 15. Nxd4 Nxd4 16. Bxd4 Bd7 17. Ne4 Qc6 18. Be2 Nf4 19. Bf3 Qb5 20.
Qd2 Ne6 21. a4 Qc4 22. Bxf6 Bc6 23. Bxg7+ Kxg7 24. Ng5 Nxg5 25. Qxg5 Bxf3
26. Re7+ Rf7 27. Qe5+ Kg8 28. gxf3 Raf8 29. Kg2 Qc6 30. Rxf7 Rxf7 31. Qe4
Qb6 32. b4 Qf6 33. Rd1 c6 34. Rd3 a6 35. a5 Kg7 36. h4 Re7 37. Qd4 Qxd4 38.
Rxd4 Kf6 39. Kg3 h6 40. Rd6+ Kf5 41. f4 h5 42. Kf3 Rg7 43. Rd3 Rc7 44. Re3
Rd7 45. Re5+ Kf6 46. Ke2 Rd8 47. Rg5 Rd7 48. f5 gxf5 49. Rxh5 c5 50. Rh6+
Ke5 51. h5 c4 52. Rg6 Kf4 53. h6 Re7+ 54. Kf1 Rh7 55. Kg2 Rh8 56. Kg1 Kf3
57. Rg3+ Ke2 58. Re3+ Kd2 59. Rh3 f4 60. Kg2 Rh7 61. Kf3 Kxc3 62. Kxf4+
Kxb4 63. Kg5 c3 64. f4 c2 65. Rh1 Rd7 66. Rc1 Rd2 67. f5 Kb3 68. h7 Rh2 69.
Kg6 Kb2 70. Rxc2+ Kxc2 71. f6 Rg2+ 72. Kf7 Rh2 73. Kg7 Rg2+ 74. Kf7 1/2-1/2

[Event "XVI Carlos Torre Mem"]
[Site "Merida MEX"]
[Date "2003.12.17"]
[Round "6"]
[White "Milov,V"]
[Black "Ramirez,Al"]
[Result "1/2-1/2"]
[WhiteElo "2574"]
[BlackElo "2483"]
[EventDate "2003.12.12"]

1. d4 Nf6 2. Nf3 d5 3. Bf4 c6 4. e3 Bg4 5. Nbd2 Nbd7 6. h3 Bxf3 7. Nxf3 Qb6
8. Qc1 e6 9. c3 Be7 10. Bd3 O-O 11. O-O 1/2-1/2

[Event "XVI Carlos Torre Mem"]
[Site "Merida MEX"]
[Date "2003.12.17"]
[Round "6"]
[White "Gonzalez Garcia,J"]
[Black "Simutowe,A"]
[Result "1/2-1/2"]
[WhiteElo "2449"]
[BlackElo "2424"]
[EventDate "2003.12.12"]

1. d4 Nf6 2. c4 e6 3. Nc3 Bb4 4. Nf3 c5 5. g3 cxd4 6. Nxd4 O-O 7. Bg2 d5 8.
cxd5 Nxd5 9. Qb3 Nc6 10. Nxc6 bxc6 11. O-O Rb8 12. Ne4 Qb6 13. Qc2 h6 14.
b3 Ba6 15. Bb2 Rfd8 16. Rac1 Bf8 17. Bf3 Rbc8 18. Rfd1 c5 19. Nd2 Nb4 20.
Qb1 Bb7 21. Nc4 Qa6 22. Bxb7 Qxb7 23. Bc3 Nd5 24. Rd3 Nb6 25. Rcd1 Rxd3 26.
Qxd3 Qa6 27. Rd2 Rc7 28. Nxb6 Qxd3 29. Rxd3 axb6 30. Rd8 f6 31. Rb8 Ra7 32.
a4 Ra6 33. Kg2 Kf7 34. Rb7+ Kg6 35. Rb8 Kf7 36. Rb7+ Kg6 37. Rb8 Kf7 38.
Rb7+ 1/2-1/2

[Event "XVI Carlos Torre Mem"]
[Site "Merida MEX"]
[Date "2003.12.17"]
[Round "6"]
[White "Espinosa,Ra MEX"]
[Black "Hernandez,Gi"]
[Result "1/2-1/2"]
[WhiteElo "2415"]
[BlackElo "2538"]
[EventDate "2003.12.12"]

1. e4 e6 2. d4 d5 3. Nd2 dxe4 4. Nxe4 Nd7 5. Nf3 Ngf6 6. Nxf6+ Nxf6 7. Bd3
c5 8. O-O cxd4 9. Nxd4 Bc5 10. Nb3 Be7 11. Bb5+ 1/2-1/2

[Event "XVI Carlos Torre Mem"]
[Site "Merida MEX"]
[Date "2003.12.17"]
[Round "6"]
[White "Hernandez,Hol"]
[Black "Zapata,A"]
[Result "0-1"]
[WhiteElo "2419"]
[BlackElo "2472"]
[EventDate "2003.12.12"]

1. d4 Nf6 2. c4 g6 3. Nc3 Bg7 4. Nf3 d6 5. g3 O-O 6. Bg2 Nc6 7. O-O a6 8.
a3 Na5 9. Nd2 c5 10. dxc5 dxc5 11. Na4 Nd7 12. Rb1 Nc6 13. Ne4 Qc7 14.
Naxc5 Nxc5 15. Nxc5 Ne5 16. Na4 Rd8 17. Qc2 Bf5 18. e4 Bd7 19. Bg5 Bxa4 20.
Qxa4 h6 21. Bf4 Qxc4 22. b3 Qxa4 23. bxa4 Rd7 24. Rfd1 Rad8 25. Rxd7 Rxd7
26. Bf1 Nc6 27. Rc1 g5 28. Be3 Ne5 29. Be2 e6 30. f4 gxf4 31. gxf4 Ng6 32.
Kf2 Bd4 33. Rd1 Bxe3+ 34. Kxe3 Rc7 35. Rd3 e5 36. fxe5 Nxe5 37. Rb3 Kg7 38.
Kd4 Kf6 39. Rb6+ Nc6+ 40. Kd5 Rd7+ 41. Kc5 Ke5 42. Bxa6 Nd8 43. Bc4 Rc7+
44. Kb5 Nc6 45. Bd3 Kd4 46. Bf1 Re7 47. Rxc6 bxc6+ 48. Kxc6 Re6+ 49. Kb7
Kc5 50. Bd3 Rb6+ 51. Kc7 Rb3 52. Bb5 Re3 53. Bc6 Rxa3 54. Be8 f6 55. Kd7
Rxa4 56. Bg6 Ra6 57. Ke7 Kd4 58. Kf7 Ke5 59. Kg7 h5 60. Kh6 h4 61. Kh5 Ra8
62. Bf5 Rh8+ 63. Kg4 Kd4 64. Kf4 Rg8 65. h3 Rg1 66. Bh7 Rg3 67. Bf5 Rg5 68.
Bg4 Kc5 69. Bf5 Kd6 70. Bg4 Ke7 71. Bf5 Kf7 72. e5 Rg1 73. exf6 Kxf6 74.
Bg4 Ra1 75. Bd7 Rd1 76. Bg4 Rd4+ 77. Kf3 Kg5 78. Bc8 Rf4+ 79. Kg2 Rc4 80.
Be6 Rc3 81. Bd7 Kf4 82. Be6 Rc2+ 83. Kf1 Rd2 84. Bc8 Kg3 85. Be6 Rf2+ 86.
Ke1 Rf8 87. Bd7 Rd8 88. Bf5 Rd4 89. Bc8 Kg2 90. Bf5 Rf4 91. Bd7 Re4+ 92.
Kd2 Rd4+ 93. Ke3 Rxd7 94. Kf4 Kxh3 95. Kf3 Rf7+ 96. Ke3 Kg3 97. Ke4 h3 98.
Ke5 h2 99. Ke6 Rf4 100. Ke5 h1=Q 101. Ke6 Qc6+ 102. Ke7 Re4+ 0-1

[Event "XVI Carlos Torre Mem"]
[Site "Merida MEX"]
[Date "2003.12.17"]
[Round "6"]
[White "Martin del Campo,R"]
[Black "Perez,Lu"]
[Result "1/2-1/2"]
[WhiteElo "2407"]
[BlackElo "2427"]
[EventDate "2003.12.12"]

1. e4 c5 2. Nf3 d6 3. d4 cxd4 4. Nxd4 Nf6 5. Nc3 Nc6 6. f4 g6 7. Nxc6 bxc6
8. e5 Nd7 9. exd6 exd6 10. Be3 Be7 11. Qd2 O-O 12. Be2 Rb8 13. Rb1 Qa5 14.
O-O d5 15. f5 Bc5 16. Bxc5 Qxc5+ 17. Kh1 Re8 18. Qh6 Ne5 19. g4 Qf8 20. Qd2
Bb7 21. Kg1 Ba8 22. Rf2 Rbd8 23. b4 c5 24. bxc5 d4 25. Na4 Bc6 26. Qa5 Qe7
27. Bf1 1/2-1/2

[Event "XVI Carlos Torre Mem"]
[Site "Merida MEX"]
[Date "2003.12.17"]
[Round "6"]
[White "Hernandez,Rom"]
[Black "Escobedo Tinajero,A"]
[Result "1-0"]
[WhiteElo "2414"]
[BlackElo "2366"]
[EventDate "2003.12.12"]

1. c4 c6 2. d4 d5 3. Nf3 Nf6 4. e3 e6 5. Bd3 Nbd7 6. O-O dxc4 7. Bxc4 Bd6
8. Nbd2 O-O 9. Bd3 c5 10. Nc4 Be7 11. b3 cxd4 12. Nxd4 Nc5 13. Bc2 Bd7 14.
Bb2 Rc8 15. Rc1 b5 16. Ne5 b4 17. Qf3 Qc7 18. Nc4 Bc6 19. Nxc6 Qxc6 20.
Qxc6 Rxc6 21. Bd4 Ra6 22. Bb1 Nfd7 23. Rfd1 f6 24. f3 e5 25. Bb2 Nb8 26.
Kf2 Re8 27. Rd5 Rc8 28. Ke2 Rcc6 29. h4 Ne6 30. h5 Nf8 31. Rcd1 Rc7 32. g4
Nbd7 33. f4 exf4 34. exf4 Nb6 35. Nxb6 axb6 36. Kf3 Ne6 37. Re1 Nc5 38. h6
gxh6 39. Rh1 Bf8 40. Bxf6 Rd7 41. Rhd1 Raa7 42. Bd8 Rxd5 43. Rxd5 Rb7 44.
Bf5 Kg7 45. Rd4 b5 46. Ba5 Na6 47. Bc8 Rf7 48. Bxa6 Ra7 49. Bxb4 Bxb4 50.
Bxb5 1-0

[Event "XVI Carlos Torre Mem"]
[Site "Merida MEX"]
[Date "2003.12.13"]
[Round "2"]
[White "Martin del Campo,R"]
[Black "Baltazar,R"]
[Result "1/2-1/2"]
[WhiteElo "2407"]
[BlackElo "2224"]
[EventDate "2003.12.12"]

1. e4 c5 2. Nf3 d6 3. d4 cxd4 4. Nxd4 Nf6 5. Nc3 a6 6. Bg5 e6 7. f4 Be7 8.
Qf3 Qc7 9. O-O-O Nbd7 10. Bd3 h6 11. Bh4 g5 12. e5 gxh4 13. exf6 Nxf6 14.
f5 e5 15. Nde2 Bd7 16. Ne4 Bc6 17. Nxf6+ Bxf6 18. Be4 O-O-O 19. Nc3 Kb8 20.
Kb1 Rd7 21. Rd3 Rc8 22. Rhd1 1/2-1/2

[Event "XVI Carlos Torre Mem"]
[Site "Merida MEX"]
[Date "2003.12.13"]
[Round "2"]
[White "Hernandez,Rom"]
[Black "Baldursson,Hr"]
[Result "1-0"]
[WhiteElo "2414"]
[BlackElo "2126"]
[EventDate "2003.12.12"]

1. d4 Nf6 2. Nf3 g6 3. c4 c5 4. Nc3 cxd4 5. Nxd4 Bg7 6. e4 d6 7. Be2 Bd7 8.
O-O O-O 9. Be3 Nc6 10. Rc1 a6 11. f3 Rc8 12. Qd2 Ne5 13. b3 Kh8 14. Kh1 Qa5
15. Rfd1 Rfd8 1-0

[Event "XVI Carlos Torre Mem"]
[Site "Merida MEX"]
[Date "2003.12.13"]
[Round "2"]
[White "Martinez,Br"]
[Black "Navarro,R"]
[Result "0-1"]
[WhiteElo "2059"]
[BlackElo "2258"]
[EventDate "2003.12.12"]

1. e4 e5 2. Nf3 Nc6 3. Bb5 a6 4. Bxc6 dxc6 5. O-O Ne7 6. Nc3 Ng6 7. d4 Bg4
8. dxe5 Qxd1 9. Rxd1 Bxf3 10. gxf3 Nxe5 11. Kg2 Bb4 12. Bd2 O-O-O 13. a3
Ba5 14. b4 Bb6 15. Be3 Bxe3 16. fxe3 Nc4 17. Kf2 Rxd1 18. Nxd1 Rd8 19. Kg3
Rd2 20. c3 Re2 21. a4 Nxe3 22. Nxe3 Rxe3 23. Rc1 c5 24. Kf2 Rd3 25. Ke2 c4
26. a5 Kd7 27. Rd1 Rxd1 28. Kxd1 Ke6 29. Ke2 g5 30. h3 Ke5 31. Ke3 h5 32.
Ke2 Kf4 33. Kf2 h4 34. e5 Kxe5 35. Ke3 f5 36. Ke2 Kf4 37. Kf2 b5 38. Ke2
Kg3 39. Ke3 Kxh3 40. Kf2 g4 41. fxg4 fxg4 42. Kf1 Kh2 43. Kf2 g3+ 0-1

[Event "XVI Carlos Torre Mem"]
[Site "Merida MEX"]
[Date "2003.12.13"]
[Round "2"]
[White "Hernandez,Ya"]
[Black "Muci Kuechler,H"]
[Result "1-0"]
[WhiteElo "2250"]
[BlackElo "2042"]
[EventDate "2003.12.12"]

1. Nf3 d5 2. g3 Nf6 3. Bg2 c5 4. O-O Nc6 5. d3 e5 6. Nbd2 Be7 7. e4 dxe4 8.
dxe4 Be6 9. Re1 h6 10. c3 Qc7 11. Qe2 a6 12. Nh4 g6 13. Nc4 Nh5 14. Ne3
Bxh4 15. Nd5 Bxd5 16. exd5 Ne7 17. gxh4 O-O-O 18. Qxe5 Qxe5 19. Rxe5 Nf5
20. Bh3 Nhg7 21. Bf4 f6 22. Re7 Rd7 23. Rxd7 Kxd7 24. Re1 g5 25. Bg3 Re8
26. Kf1 Rxe1+ 27. Kxe1 Ke7 28. hxg5 hxg5 29. Bb8 Nd6 30. f4 gxf4 31. Ke2 f5
32. Kf3 Nge8 33. Kxf4 Kf6 34. Ba7 Nc7 35. Bg2 c4 36. Bd4+ Kg6 37. Bf3 Nf7
38. h4 1-0

[Event "XVI Carlos Torre Mem"]
[Site "Merida MEX"]
[Date "2003.12.15"]
[Round "4"]
[White "Ancheyta,T"]
[Black "Simutowe,A"]
[Result "0-1"]
[WhiteElo "2290"]
[BlackElo "2424"]
[EventDate "2003.12.12"]

1. e4 c5 2. c3 Nf6 3. e5 Nd5 4. d4 cxd4 5. cxd4 e6 6. Nc3 Nxc3 7. bxc3 Nc6
8. Nf3 d6 9. exd6 Bxd6 10. Be2 O-O 11. O-O Qc7 12. h3 b6 13. Ng5 h6 14. Ne4
Be7 15. Bb2 Bb7 16. Rc1 Ne5 17. Nd2 Qc6 18. f3 Ng6 19. Bd3 Nf4 20. Be4 Qb5
21. Bxb7 Rab8 22. Be4 Qxb2 23. Rf2 Bh4 24. Rf1 Qxc1 25. Qxc1 Ne2+ 26. Kh1
Nxc1 27. Rxc1 Bg5 28. Rc2 Bxd2 29. Rxd2 Rbc8 30. Rc2 Rc7 31. c4 Rd8 0-1

[Event "XVI Carlos Torre Mem"]
[Site "Merida MEX"]
[Date "2003.12.15"]
[Round "4"]
[White "Hernandez,Hol"]
[Black "Dominguez Aguilar,G"]
[Result "1-0"]
[WhiteElo "2419"]
[BlackElo "2289"]
[EventDate "2003.12.12"]

1. e4 c5 2. Nc3 g6 3. f4 Bg7 4. Nf3 e6 5. d4 cxd4 6. Nxd4 Ne7 7. Be3 d5 8.
e5 Nbc6 9. Qd2 Bd7 10. Be2 Nxd4 11. Bxd4 Nf5 12. Bf2 h5 13. Bd3 a6 14. Bxf5
gxf5 15. O-O Rc8 16. Bd4 Bh6 17. Rf3 Rg8 18. Raf1 Rg4 19. Nd1 Bf8 20. Ne3
Rg8 21. Rh3 h4 22. c3 Be7 23. Qd1 Qa5 24. a3 Bb5 25. Re1 Kd7 26. Qh5 Rh8
27. Qd1 Rcg8 28. Rf3 h3 29. g3 Kc8 30. Rf2 Kb8 31. Qc2 Qa4 32. Qb1 Qb3 33.
Rd2 Rc8 34. Nc2 a5 35. Na1 Qc4 36. Qd1 Qc6 37. Qf3 a4 38. Qf2 Bc4 39. Nc2
Qb5 40. Ne3 Bd3 41. Qf3 Be4 42. Qe2 Qxe2 43. Rdxe2 b5 44. Kf2 Kb7 45. Rd2
Rhg8 46. Ke2 Rg6 47. Nd1 Rh8 48. Nf2 Bg2 49. b3 axb3 50. Rb1 Kc6 51. Rxb3
Ra8 52. Rdb2 Ra5 53. a4 b4 54. Ra2 bxc3 55. Rxc3+ Kd7 56. Rb2 Ra8 57. Rb7+
Ke8 58. a5 Bd8 59. a6 Rxa6 60. Rc8 Ra2+ 61. Ke1 Rxg3 62. hxg3 h2 63. Bb6
Kf8 64. Bxd8 1-0

[Event "XVI Carlos Torre Mem"]
[Site "Merida MEX"]
[Date "2003.12.15"]
[Round "4"]
[White "Blanco Fernandez,A"]
[Black "Huerta,R"]
[Result "1-0"]
[WhiteElo "2390"]
[BlackElo "2288"]
[EventDate "2003.12.12"]

1. d4 e6 2. c4 f5 3. g3 Nf6 4. Bg2 c6 5. Nh3 d6 6. Nc3 Be7 7. Qb3 O-O 8.
Nf4 Na6 9. c5 d5 10. Nd3 Nc7 11. O-O Nce8 12. Bf4 Nd7 13. Be5 Nef6 14. e3
Ng4 15. Na4 b5 16. cxb6 axb6 17. Rac1 b5 18. Nc3 Ngxe5 19. dxe5 Nb6 20. Ne2
Nc4 21. Rfd1 Bd7 22. Nd4 Re8 23. Qc3 Rc8 24. b3 b4 25. Qe1 Na5 26. Nc5 Bxc5
27. Rxc5 Qb6 28. Rdc1 Nb7 29. R5c2 Rf8 30. Qd2 Kh8 31. f3 c5 32. Ne2 Rc7
33. e4 c4+ 34. Kh1 fxe4 35. fxe4 c3 36. Qg5 dxe4 37. Nf4 Nc5 38. Rf1 Ra8
39. Rcf2 Rca7 40. Ng6+ 1-0

[Event "XVI Carlos Torre Mem"]
[Site "Merida MEX"]
[Date "2003.12.15"]
[Round "4"]
[White "Berry,J"]
[Black "Escobedo Tinajero,A"]
[Result "0-1"]
[WhiteElo "2269"]
[BlackElo "2366"]
[EventDate "2003.12.12"]

1. c4 c6 2. Nf3 d5 3. e3 Nf6 4. b3 Nbd7 5. Bb2 e6 6. Be2 Bd6 7. d4 O-O 8.
Nbd2 b6 9. Ne5 Bb7 10. f4 c5 11. O-O cxd4 12. exd4 Ne4 13. Rc1 Ndf6 14.
Ndf3 Rc8 15. Ne1 Bb4 16. Rc2 dxc4 17. bxc4 Qe7 18. Qc1 Rfd8 19. N1d3 Bd6
20. Bf3 Ne8 21. Qe3 f5 22. g4 N8f6 23. gxf5 exf5 24. Rfc1 Ba3 25. d5 Bxb2
26. Rxb2 Nd6 27. Qd4 Nfe4 28. Rg2 Qf6 29. a4 Ba6 30. Rgc2 Nc5 31. Nb4 Bb7
32. Ra2 Nb3 33. Qd1 Nxc1 34. Qxc1 Nxc4 35. Nec6 Nd6 36. Rc2 Re8 37. Kh1 Qh4
38. Kg2 Re1 39. Qd2 Rce8 40. Nd3 Ra1 41. Qb4 Ba6 42. Nce5 Nf7 43. d6 Nxe5
44. fxe5 Qg5+ 45. Kh3 Bxd3 46. Qb3+ Kf8 47. Qxd3 Rxa4 48. Rc4 Rxc4 49. Qxc4
Qe3 50. Qc6 Qxe5 0-1

[Event "XVI Carlos Torre Mem"]
[Site "Merida MEX"]
[Date "2003.12.15"]
[Round "4"]
[White "Alford,J"]
[Black "Hernandez,Gi"]
[Result "0-1"]
[WhiteElo "2277"]
[BlackElo "2538"]
[EventDate "2003.12.12"]

1. e4 e6 2. d4 d5 3. Nd2 Nf6 4. e5 Nfd7 5. Bd3 c5 6. c3 Nc6 7. Ne2 Qb6 8.
Nf3 cxd4 9. cxd4 f6 10. exf6 Nxf6 11. O-O Bd6 12. Bf4 Bxf4 13. Nxf4 O-O 14.
Re1 Qxb2 15. Re2 Qa3 16. Nxe6 Bxe6 17. Rxe6 Rae8 18. Bf5 g6 19. Bh3 Ne4 20.
Qe1 Rb8 21. Rxe4 dxe4 22. Qxe4 Qe7 23. Be6+ Kh8 24. Re1 Qf6 25. d5 Nd8 26.
Qa4 a6 27. h4 Nxe6 28. dxe6 Rbe8 29. Qb3 Re7 30. Re2 Rfe8 31. Ng5 h6 32.
Nf3 Rxe6 33. Rxe6 Qxe6 34. Qxb7 Qxa2 35. Qc6 Qe6 36. Qb7 Re7 37. Qa8+ Kg7
38. Qd8 Rd7 39. Qb8 Rd1+ 0-1

[Event "XVI Carlos Torre Mem"]
[Site "Merida MEX"]
[Date "2003.12.15"]
[Round "4"]
[White "Martin del Campo,R"]
[Black "Garcia Correa,J"]
[Result "1-0"]
[WhiteElo "2407"]
[BlackElo "2194"]
[EventDate "2003.12.12"]

1. e4 d5 2. exd5 Qxd5 3. Nc3 Qd6 4. d4 Nf6 5. Be3 c6 6. Qd2 Bf5 7. Nf3 Nbd7
8. O-O-O e6 9. Bf4 Qb4 10. Kb1 Be7 11. Ne5 Nxe5 12. Bxe5 O-O-O 13. f3 h5
14. a3 Qa5 15. Bc4 Rhg8 16. Rhe1 Nd7 17. Nd5 Qxd5 18. Bxd5 Nxe5 19. Bxe6+
Bxe6 20. Rxe5 Bf6 21. Rxh5 Rxd4 22. Qxd4 Bxd4 23. Rxd4 g6 24. Re5 Kc7 25.
Kc1 b6 26. b4 Rh8 27. h4 b5 28. Kd2 a5 29. bxa5 Ra8 30. a4 Rxa5 31. axb5
cxb5 32. g4 Kc6 33. h5 gxh5 34. gxh5 Ra8 35. h6 Rh8 36. Rh4 Bc4 37. Ke3 Kd6
38. Kf4 f6 39. Re1 Be6 40. Rh2 Bc8 41. h7 Kd5 42. Rd2+ Kc4 43. Re7 b4 44.
Rg2 1-0

[Event "XVI Carlos Torre Mem"]
[Site "Merida MEX"]
[Date "2003.12.15"]
[Round "4"]
[White "Russek,G"]
[Black "Ibarra Chami,L"]
[Result "1-0"]
[WhiteElo "2365"]
[BlackElo "2091"]
[EventDate "2003.12.12"]

1. e4 e6 2. d4 d5 3. exd5 exd5 4. c4 Nf6 5. Nc3 Be7 6. Bd3 dxc4 7. Bxc4 O-O
8. Nge2 Nbd7 9. O-O Nb6 10. Bb3 c6 11. Nf4 Nbd5 12. Bxd5 Nxd5 13. Nfxd5
cxd5 14. Qb3 Bf6 15. Be3 Be6 16. Qxb7 Qd6 17. Qb3 Rfb8 18. Qc2 Qb4 19. Na4
Bd7 20. Nc5 Be8 21. Nd3 Qb6 22. Qc3 Bb5 23. Rfb1 Rc8 24. Nc5 Be7 25. Qd2
Qg6 26. Rd1 Bc6 27. Nd3 Bd6 28. Bf4 Be7 29. Rac1 f6 30. Re1 Bf8 31. h3 Bd7
32. Bg3 Qf7 33. Rxc8 Rxc8 34. Rc1 Rxc1+ 35. Qxc1 Qg6 36. Nc5 Bf5 37. Kh2 h5
38. Qf4 Kh7 39. b4 Bc2 40. a3 Bd1 41. Qb8 Qf7 42. Bd6 Bxd6+ 43. Qxd6 g5 44.
a4 g4 45. h4 f5 46. Qe5 f4 47. Ne6 g3+ 48. fxg3 fxg3+ 49. Kxg3 Kg8 50. Qb8+
1-0